00492nam a2200145Ia 4500008004100000082001500041100002300056245003600079260003900115630001800154650004700172942000900219952010500228999001300333211109s9999||||xx |||||||||||||| ||und|| a942bEDW-N aEdwards, William,  0aNotes on British History, Parts bNATIONAL BOOKSTALLaKottayamc1900 xGeneral Stack aGreat BritainvHistory of EnglandxHistory cBOOK 00104070aSBCLbSBCLc2d2021-11-09l0o942 EDW-Np00000861r2021-11-09 00:00:00w2021-11-09yBOOK c860d860